Normal view MARC view
  • More Sanika- 2k241176 & Dr. Arpita Singh– Guide

Entry Personal Name

Number of records used in: 1

001 - CONTROL NUMBER

  • control field: 216487

003 - CONTROL NUMBER IDENTIFIER

  • control field: OSt

005 - DATE AND TIME OF LATEST TRANSACTION

  • control field: 20260123171314.0

008 - FIXED-LENGTH DATA ELEMENTS

  • fixed length control field: 260123|| aca||aabn | a|a d

040 ## - CATALOGING SOURCE

  • Original cataloging agency: OSt
  • Transcribing agency: OSt

100 ## - HEADING--PERSONAL NAME

  • Personal name: More Sanika- 2k241176 & Dr. Arpita Singh– Guide

670 ## - SOURCE DATA FOUND

  • Source citation: Work cat.: (OSt)370150: More Sanika- 2k241176 & Dr. Arpita Singh– Guide, A Study of Understanding HR Processes Through Zoho People and Zoho Recruit at HR Assistance India Consultancy LLP, 2025